000 00588cam a22002291 4500
001 sa 65001713
003 DLC
005 20260227112111.0
008 900124s1964 ii b 000 0 hino
010 _asa 65001713
035 _a(OCoLC)20953207
040 _aDLC
_cWaU
_dOCoLC
_dDLC
042 _apremarc
050 0 0 _aBJ122
_b.A8
100 1 _aAtreya, B. L.
_q(Bhikhan Lal)
245 1 0 _aBhāratīya nīti-śāstra kā itihāsa.
260 _c[1964]
300 _a12, 736 p.
_c22 cm.
500 _aIn Hindi.
504 _aBibliography: p. [728]-736.
650 0 _aEthics
_zIndia.
999 _c62178
_d62178